Le garanzie atipiche
Đã lưu trong:
| Tác giả chính: | |
|---|---|
| Định dạng: | Sách |
| Ngôn ngữ: | Tiếng Italy |
| Được phát hành: |
Padua
CEDAM
1988
|
| Loạt: | I grandi orientamenti dela giurisprudenza civile e commerciale, 16
|
| Những chủ đề: | |
| Các nhãn: |
Thêm thẻ
Không có thẻ, Là người đầu tiên thẻ bản ghi này!
|
MARC
| LEADER | 00000nam a2200000 a 4500 | ||
|---|---|---|---|
| 001 | UCV2710 | ||
| 003 | CL-VaPUC | ||
| 008 | 921029e19880000IT |||||||||||||||||ita|d | ||
| 082 | 0 | 4 | |a 346.074 |b SES |2 21 |
| 100 | 0 | |a Sesta, Michele |e author |9 296990 | |
| 245 | 1 | 3 | |a Le garanzie atipiche |
| 300 | |a v | ||
| 942 | |c BK | ||
| 945 | |d 19921029 00:00:00 | ||
| 260 | |a Padua |b CEDAM |c 1988 | ||
| 500 | |a v.1: Vendita, cessione del credito, mandato a scopo di garanzia. Contratto autonomo di garanzia | ||
| 650 | 0 | |a Jurisprudencia civil |9 255095 | |
| 650 | 7 | |a JURISPRUDENCIA MERCANTIL |2 CL-VaPUC |9 255548 | |
| 650 | 0 | |a Prenda |x Derecho |9 255781 | |
| 651 | 0 | |a Italia |9 254949 | |
| 583 | |a last modification |c 19921029 00:00:00 |k Rodrigo Vera | ||
| 490 | 0 | |a I grandi orientamenti dela giurisprudenza civile e commerciale, 16 | |
| 999 | |c 210212 |d 210210 | ||
| 952 | |0 0 |1 0 |4 0 |6 346_074000000000000_SES_1988 |7 0 |8 A |9 186293 |a BIBDER |b BIBDER |d 2019-11-14 |h v.1 |i 2537591 |o 346.074 SES 1988 |p 2537591 |r 2023-01-25 |w 2019-11-14 |y BK |k DER | ||